Statistiche per Nazioni per numero di aeroporti.

Clicka qui per fare il quiz!

Statistiche generali

  • Questo quiz è stato fatto 41 volte
  • Il punteggio medio è 14 su 20

Statistiche sulle risposte

HintRisposta% Corretto
1 467Canada
100%
13 513Stati Uniti
100%
507Cina
97%
916Argentina
94%
1 218Russia
94%
464Francia
91%
539Germania
91%
418Australia
88%
4 093Brasile
88%
1 714Messico
88%
481Cile
74%
407Sudafrica
71%
673Indonesia
65%
836Colombia
62%
444Venezuela
56%
460Gran Bretagna
50%
855Bolivia
41%
432Ecuador
41%
799Paraguay
32%
561Papua Nuova Guinea
3%

Distribuzione punteggi

Percentile per numero di risposta

Percentuale di utenti per punteggio

I tuoi punteggi nel tempo

Non hai fatto questo quiz